Flight in The Binding of Isaac Repentance+ - Statistics

General Stats
  • This quiz has been taken 25 times
  • The average score is 14 of 31
Answer Stats
Type Answer % Correct
Active The Bible
96%
Consumable XII - The Hanged Man
91%
Passive Dead Dove
87%
Passive Lord of the Pit
74%
Trinket Bat Wing
70%
Passive Spirit of the Night
70%
Passive Transcendence
65%
Consumable Soul of the Lost
61%
Passive Holy Grail
57%
Passive Fate
48%
Passive Revelation
48%
Consumable XV - The Devil?
48%
Active Dead Sea Scrolls
43%
Active Metronome
43%
Active The Pinking Shears
43%
Active White Pony
43%
Active A Pony
39%
Trinket Azazel's Stump
39%
Passive Empty Vessel
39%
Trinket Error
35%
Trinket Missing Poster
35%
Passive Dogma
30%
Consumable XIX - The Sun?
30%
Active Esau Jr.
22%
Active Lemegeton
22%
Trinket Modeling Clay
22%
Passive Spirit Shackles
22%
Passive Astral Projection
17%
Trinket Mysterious Paper
17%
Active Clicker
13%
Passive Sanguine Bond
13%
No matching quizzes found
Score Distribution
Percent of People with Each Score
Percentile by Number Answered
Your Score History
You have not taken this quiz